[Event "II Festival Carnevale"]
[Site "Torino ITA"]
[Date "2015.02.15"]
[Round "4"]
[White "Yao, Stefano"]
[Black "Llupa, Oltjon"]
[WhiteElo "2277"]
[BlackElo "2002"]
[Result "0-1"]
[PlyCount "152"]
[EventDate "2015.02.13"]

1. e4 c5 2. Nf3 e6 3. d4 cxd4 4. Nxd4 Nf6 5. Nc3 Bb4 6. e5 Ne4 7. Qd3 Qa5 8.
Ndb5 Nxc3 9. bxc3 Be7 10. Bd2 O-O 11. Qg3 f6 12. Bd3 f5 13. O-O Na6 14. Nd4 Nc5
15. Nb3 Qc7 16. Nxc5 Qxc5 17. Be2 d6 18. Bh6 Qxe5 19. f4 Qc5+ 20. Kh1 Bf6 21.
Rad1 b6 22. Bf3 Rb8 23. Rfe1 Kh8 24. Bg5 Bxc3 25. Be7 Bxe1 26. Qxe1 Ba6 27.
Bxd6 Qxc2 28. Bxb8 Rxb8 29. Qxe6 Rc8 30. h3 h6 31. Kh2 Qc5 32. Rd7 Bc4 33. Bd5
Bxd5 34. Rxd5 Qf8 35. Rxf5 Qe8 36. Qd5 Rc5 37. Qd3 Rxf5 38. Qxf5 Kg8 39. Qd5+
Qf7 40. Qa8+ Kh7 41. Qe4+ g6 42. a4 Kg7 43. Kg3 Qf5 44. Qe7+ Qf7 45. Qe5+ Qf6
46. Qc7+ Qf7 47. Qc3+ Qf6 48. Qc4 Qf7 49. Qb5 Qf5 50. Kf3 Kf7 51. g4 Qe6 52. h4
h5 53. gxh5 Qh3+ 54. Ke4 Qh1+ 55. Kd4 Qd1+ 56. Ke4 Qxh5 57. Qd7+ Kf6 58. Qc6+
Kf7 59. Qd7+ Kf6 60. Qd6+ Kf7 61. Qc7+ Kf6 62. Qc3+ Kf7 63. Qc4+ Kf6 64. Qb5
Qxh4 65. Qe5+ Kf7 66. Qc7+ Qe7+ 67. Qe5 a6 68. Qxe7+ Kxe7 69. Kd5 Kf6 70. Kc6
b5 71. axb5 axb5 72. Kxb5 Kf5 73. Kc4 Kxf4 74. Kd3 Kf3 75. Kd2 Kf2 76. Kd3 g5
0-1

[Event "II Festival Carnevale"]
[Site "Torino ITA"]
[Date "2015.02.16"]
[Round "5"]
[White "Davi, Alessandro"]
[Black "Llupa, Oltjon"]
[WhiteElo "2123"]
[BlackElo "2002"]
[Result "1-0"]
[PlyCount "107"]
[EventDate "2015.02.13"]

1. d4 d5 2. Nf3 e6 3. e3 Nf6 4. Bd3 Nbd7 5. Nbd2 Bd6 6. c4 c6 7. Qe2 O-O 8. O-O
h6 9. Rd1 Re8 10. h3 Qe7 11. a3 b6 12. Rb1 Ba6 13. b4 Rac8 14. c5 Bxd3 15. Qxd3
Bb8 16. Bb2 b5 17. a4 a6 18. axb5 axb5 19. Ra1 Nf8 20. Ra6 N6d7 21. Nb3 Ng6 22.
Na5 e5 23. Nxc6 Rxc6 24. Rxc6 e4 25. Qb3 exf3 26. Rxg6 fxg6 27. Qxd5+ Qf7 28.
Qxf7+ Kxf7 29. gxf3 Rd8 30. Ra1 Ke8 31. Ra5 Bc7 32. Rxb5 Rb8 33. Rxb8+ Bxb8 34.
b5 Nf6 35. e4 Kd7 36. d5 Bf4 37. Bd4 Kc8 38. c6 Ne8 39. b6 Nd6 40. Kf1 Nc4 41.
Ke2 Ne5 42. Bc5 Nf7 43. Bf8 Be5 44. Ke3 g5 45. Kd3 g6 46. Kc4 Bh2 47. Kb5 Be5
48. Bc5 Kb8 49. Bf8 Kc8 50. Kc5 Bb2 51. d6 h5 52. Be7 Ba3+ 53. Kd5 Kb8 54. Ke6
1-0

[Event "II Festival Carnevale"]
[Site "Torino ITA"]
[Date "2015.02.16"]
[Round "5"]
[White "Ratti, Marco"]
[Black "Bergero, Simone"]
[WhiteElo "1901"]
[BlackElo "1849"]
[Result "1-0"]
[PlyCount "63"]
[EventDate "2015.02.13"]

1. d4 d5 2. Nf3 Bf5 3. g3 e6 4. Bg2 Nf6 5. O-O Bd6 6. b3 O-O 7. Bb2 Nbd7 8.
Nbd2 c6 9. c4 Qc7 10. Nh4 Bg4 11. h3 Bh5 12. g4 Bg6 13. Nxg6 hxg6 14. Rc1 Ne4
15. Nxe4 dxe4 16. d5 f5 17. dxe6 Nc5 18. Qc2 Qe7 19. Rcd1 Bc7 20. Ba3 fxg4 21.
Rd7 Qxe6 22. Rxc7 gxh3 23. Qc3 Rf7 24. Bxh3 Qd6 25. Rxf7 Kxf7 26. Qe3 b6 27.
Bxc5 bxc5 28. Qxe4 Rh8 29. Qf3+ Ke7 30. e3 Qe5 31. Rd1 Qg5+ 32. Qg4 1-0

[Event "II Festival Carnevale"]
[Site "Torino ITA"]
[Date "2015.02.17"]
[Round "6"]
[White "Faraoni, Enrico"]
[Black "Ratti, Marco"]
[WhiteElo "2079"]
[BlackElo "1901"]
[Result "1-0"]
[PlyCount "77"]
[EventDate "2015.02.13"]

1. d4 f5 2. g3 Nf6 3. Bg2 d6 4. c4 g6 5. h4 Bg7 6. h5 Nc6 7. h6 Bf8 8. Nc3 e5
9. d5 Nb8 10. Nf3 Be7 11. Ng5 Na6 12. Rb1 Nxd5 13. Nxd5 Bxg5 14. f4 c6 15. fxg5
cxd5 16. Bxd5 Nc5 17. Be3 Ne4 18. Bxe4 fxe4 19. O-O Be6 20. Qc2 Qd7 21. Rbd1
Rc8 22. b3 Qc6 23. Rf6 Ke7 24. Rdf1 b5 25. c5 d5 26. Kh2 d4 27. Rxe6+ Qxe6 28.
Qxe4 Rhf8 29. Rf6 Rxf6 30. Qb7+ Qd7 31. gxf6+ Ke6 32. Qe4 Kxf6 33. Bg5+ Kf7 34.
Qxe5 Rg8 35. Qf6+ Ke8 36. c6 Qc7 37. Qe6+ Kf8 38. Bf4 Qe7 39. Bd6 1-0

[Event "II Festival Carnevale"]
[Site "Torino ITA"]
[Date "2015.02.17"]
[Round "6"]
[White "Yao, Stefano"]
[Black "Davi, Alessandro"]
[WhiteElo "2277"]
[BlackElo "2123"]
[Result "1-0"]
[PlyCount "101"]
[EventDate "2015.02.13"]

1. d4 c6 2. c4 f5 3. Nf3 Nf6 4. g3 g6 5. Bg2 Bg7 6. O-O O-O 7. Nc3 d6 8. Re1
Ne4 9. Qc2 Nxc3 10. bxc3 e5 11. dxe5 dxe5 12. Ba3 Re8 13. Rad1 Qa5 14. Bb4 Qa6
15. e4 f4 16. Bd6 fxg3 17. hxg3 Bg4 18. c5 b5 19. Ra1 Qb7 20. a4 a6 21. Qa2+
Be6 22. Qd2 Nd7 23. Qg5 Bf6 24. Qh6 Bg7 25. Qh1 h6 26. Bh3 Bf7 27. Red1 Rad8
28. axb5 cxb5 29. Nh2 Qc6 30. Bxd7 Rxd7 31. Ng4 h5 32. Ne3 Bf8 33. Nd5 Kg7 34.
Qh4 Re6 35. Nb4 Qc8 36. Bxf8+ Kxf8 37. c6 Rxd1+ 38. Rxd1 Be8 39. Rd8 Qc7 40.
Qg5 Kf7 41. Nd5 Qxc6 42. Qh6 Kg8 43. Qg5 Kf7 44. Qh6 Kg8 45. Rb8 Qd7 46. Qg5
Kf7 47. Kg2 a5 48. Ra8 a4 49. Kh2 Qb7 50. Qd8 Rd6 51. Qxe8+ 1-0

[Event "Open dell'Ariete"]
[Site "Torino ITA"]
[Date "2015.03.26"]
[Round "1"]
[White "Ammirata, Achille"]
[Black "Ricciardi, Arcangelo"]
[WhiteElo "1440"]
[BlackElo "1745"]
[Result "1-0"]
[PlyCount "79"]
[EventDate "2015.03.26"]

1. Nf3 d5 2. d4 Nf6 3. Bg5 Nbd7 4. e3 e6 5. c4 c5 6. Nc3 cxd4 7. Nxd4 dxc4 8.
Bxc4 Ne5 9. Be2 Be7 10. O-O O-O 11. Rc1 a6 12. Bf4 Bd6 13. Qc2 Qe7 14. Rfd1 Bd7
15. Bg5 Rac8 16. Qb1 h6 17. Bh4 g5 18. Bg3 Kg7 19. Ne4 Nxe4 20. Qxe4 f5 21.
Bxe5+ Kf7 22. Bh5+ Kg8 23. Bxd6 Qxd6 24. Qxb7 g4 25. Rxc8 Rxc8 26. Qb3 Qe5 27.
Qd3 Qd5 28. Qxa6 Bc6 29. Qxc8+ Kh7 30. Qxc6 Qd8 31. Qxe6 Qg5 32. Qxf5+ Qxf5 33.
Nxf5 Kg8 34. Nxh6+ Kg7 35. Nxg4 Kh7 36. Rd7+ Kh8 37. a4 Kg8 38. a5 Kf8 39. a6
Kg8 40. a7 1-0

[Event "Open dell'Ariete"]
[Site "Torino ITA"]
[Date "2015.03.26"]
[Round "1"]
[White "Chianale, Angelo"]
[Black "De Leon, Voltare Gello"]
[WhiteElo "1738"]
[BlackElo "1440"]
[Result "1-0"]
[PlyCount "83"]
[EventDate "2015.03.26"]

1. e4 c5 2. Nf3 d6 3. d3 Nf6 4. g3 e6 5. Bg2 Nbd7 6. O-O Be7 7. Re1 O-O 8. c3
b5 9. d4 Bb7 10. e5 dxe5 11. dxe5 Nd5 12. Nbd2 f6 13. exf6 Rxf6 14. Ne4 Rf8 15.
Neg5 Qb6 16. Rxe6 Qc7 17. Qd3 Bxg5 18. Nxg5 N5f6 19. Bf4 c4 20. Bxc7 cxd3 21.
Bxb7 Rae8 22. Rd1 Nc5 23. Rxe8 Rxe8 24. Bf3 h6 25. Bd6 Nce4 26. Nxe4 Nxe4 27.
Bxe4 Rxe4 28. Rxd3 a5 29. Re3 Rg4 30. Bc7 a4 31. f4 Rg6 32. Kf2 Kf7 33. Re5 Rc6
34. Ba5 Ra6 35. Bb4 Rb6 36. Kf3 Rb7 37. Ke4 Kf6 38. g4 g5 39. f5 Rb6 40. Re6+
Rxe6+ 41. fxe6 Kxe6 42. Bf8 1-0

[Event "Open dell'Ariete"]
[Site "Torino ITA"]
[Date "2015.03.26"]
[Round "1"]
[White "Fassio, Francesco"]
[Black "Manunta, Andrea"]
[WhiteElo "1637"]
[BlackElo "1885"]
[Result "0-1"]
[PlyCount "78"]
[EventDate "2015.03.26"]

1. Nf3 d5 2. d4 Nf6 3. c4 e6 4. Nc3 Be7 5. Bg5 c6 6. e3 Nbd7 7. Bd3 O-O 8. O-O
b6 9. Rc1 Bb7 10. Re1 c5 11. cxd5 exd5 12. b3 Ne4 13. Bxe7 Qxe7 14. Qc2 Rac8
15. Nd2 cxd4 16. exd4 Qb4 17. Ndxe4 dxe4 18. Bxe4 Bxe4 19. Rxe4 Nf6 20. Re3 Nd5
21. Rh3 h6 22. Qd2 Rc6 23. a3 Qxa3 24. Re1 Nxc3 25. Rxc3 Qb4 26. Rd3 Qd6 27. d5
Rc7 28. Rc1 Rd7 29. Rc6 Qe5 30. d6 Rfd8 31. f3 Kh7 32. Re3 Qf5 33. b4 Kg8 34.
Qd3 Qf6 35. Qa6 Rxd6 36. Rxd6 Qxd6 37. Qa4 Qd7 38. Qa3 Re8 39. Kf2 Qd2+ 0-1

[Event "Open dell'Ariete"]
[Site "Torino ITA"]
[Date "2015.03.26"]
[Round "1"]
[White "Gussone, Claudio"]
[Black "Peruffo, Giovanni"]
[WhiteElo "1753"]
[BlackElo "1520"]
[Result "1-0"]
[PlyCount "107"]
[EventDate "2015.03.26"]

1. d4 d5 2. f4 e6 3. Nf3 f6 4. e3 Ne7 5. c4 b6 6. Nc3 Bb7 7. cxd5 Nxd5 8. Bd2
a6 9. Be2 Be7 10. O-O O-O 11. a3 Nd7 12. Qc2 c5 13. Qe4 e5 14. Bc4 f5 15. Qc2
N7f6 16. fxe5 Ne4 17. Nxe4 b5 18. Bxd5+ Bxd5 19. Nxc5 Rc8 20. b4 Bc4 21. Rf2
Bd5 22. Bc3 Rc6 23. Nd2 Bg5 24. Re2 f4 25. e4 Bf7 26. d5 Rh6 27. Nf3 Bh5 28.
Ne6 Qb6+ 29. Bd4 Qb7 30. Nexg5 Rg6 31. Rf2 h6 32. Ne6 Rc8 33. Qb2 Bg4 34. Nxf4
Qf7 35. Nxg6 Qxg6 36. Re1 Rf8 37. Nh4 Qg5 38. Rxf8+ Kxf8 39. Qf2+ Kg8 40. Rf1
Qe7 41. Nf5 Qe8 42. e6 Bxf5 43. Qxf5 Qe7 44. Qf7+ Qxf7 45. Rxf7 h5 46. Rxg7+
Kf8 47. e7+ Ke8 48. Rg8+ Kxe7 49. e5 h4 50. Bc5+ Kd7 51. e6+ Kc7 52. e7 h3 53.
e8=Q a5 54. Rg7# 1-0

[Event "Open dell'Ariete"]
[Site "Torino ITA"]
[Date "2015.03.26"]
[Round "1"]
[White "Leoni, Alessandro"]
[Black "D'India, Bruno"]
[WhiteElo "1908"]
[BlackElo "1652"]
[Result "1-0"]
[PlyCount "47"]
[EventDate "2015.03.26"]

1. e4 c5 2. Nf3 Nc6 3. d4 cxd4 4. Nxd4 a6 5. Nc3 e6 6. g3 Nf6 7. Bg2 Bb4 8. O-O
h6 9. Nxc6 bxc6 10. e5 Nd5 11. Nxd5 exd5 12. Qg4 Bf8 13. c4 dxc4 14. Re1 c3 15.
bxc3 Bb7 16. Rb1 Qc8 17. Bf4 g5 18. Be3 Be7 19. Qh5 Rb8 20. Ba7 Ra8 21. Bd4 Rb8
22. e6 Rf8 23. exf7+ Rxf7 24. Bf6 1-0

[Event "Open dell'Ariete"]
[Site "Torino ITA"]
[Date "2015.03.26"]
[Round "1"]
[White "Longo, Enrico"]
[Black "Cutelli, Massimo"]
[WhiteElo "1777"]
[BlackElo "1580"]
[Result "0-1"]
[PlyCount "95"]
[EventDate "2015.03.26"]

1. d4 Nf6 2. c4 c5 3. d5 e6 4. Nc3 exd5 5. cxd5 d6 6. Nf3 g6 7. Bf4 a6 8. a4
Bg7 9. e3 O-O 10. Bc4 Bg4 11. h3 Bxf3 12. Qxf3 Qb6 13. Rb1 Nh5 14. O-O Nxf4 15.
Qxf4 Nd7 16. Qg4 Ne5 17. Qe2 Qb4 18. Ba2 c4 19. Ne4 b5 20. Qc2 Rac8 21. Nc3 Qc5
22. Ne4 Qxd5 23. Rbd1 Nd3 24. Nc3 Qc5 25. axb5 axb5 26. Bb1 d5 27. Qe2 Nb4 28.
Qf3 Rcd8 29. Rd2 d4 30. exd4 Rxd4 31. Rxd4 Bxd4 32. Qe4 Nc6 33. h4 h5 34. g4 f5
35. Qe6+ Kg7 36. Nd5 hxg4 37. Nf4 Rf6 38. Qd7+ Qe7 39. Qd5 g3 40. Qg2 gxf2+ 41.
Kh2 Qe5 42. Qg3 Kf7 43. Kh3 Ne7 44. Qf3 Qe3 45. Qxe3 Bxe3 46. Ne2 b4 47. Kg3
Nd5 48. Kf3 0-1

[Event "Open dell'Ariete"]
[Site "Torino ITA"]
[Date "2015.03.26"]
[Round "1"]
[White "Pitica, Silviu Valentin"]
[Black "Gatto, Salvatore"]
[WhiteElo "1918"]
[BlackElo "1700"]
[Result "1-0"]
[PlyCount "97"]
[EventDate "2015.03.26"]

1. Nf3 c5 2. g3 Nc6 3. Bg2 Nf6 4. c4 g6 5. b3 Bg7 6. Bb2 d6 7. O-O O-O 8. d3 e5
9. Nc3 a6 10. Ne1 Re8 11. Qd2 Qc7 12. Nc2 Be6 13. Ne3 Rad8 14. Ncd5 Bxd5 15.
cxd5 Nd4 16. Rac1 Bh6 17. Qe1 Qb8 18. Rb1 Qa7 19. Qd1 Bg7 20. Nc2 Nxc2 21. Qxc2
b5 22. Kh1 b4 23. Qc4 Nd7 24. Qh4 f5 25. e4 Bf6 26. Qh3 f4 27. Qg4 Re7 28. Bh3
Rf8 29. Qe2 Bg7 30. Be6+ Kh8 31. h4 f3 32. Qe3 Nf6 33. Rg1 Nh5 34. Bg4 Ref7 35.
Rbf1 Qe7 36. Bc1 Nf6 37. Be6 Nh5 38. Bxf7 Rxf7 39. Qg5 Qd7 40. g4 Bf6 41. Qh6
Bxh4 42. Kh2 Nf4 43. Bxf4 Rxf4 44. Qxh4 Qb5 45. Qd8+ Kg7 46. Qe7+ Rf7 47. Qxd6
Qxd3 48. Qxe5+ Rf6 49. g5 1-0

[Event "Open dell'Ariete"]
[Site "Torino ITA"]
[Date "2015.03.26"]
[Round "1"]
[White "Plenzick, Angelo"]
[Black "Di Chiara, Mauro"]
[WhiteElo "1725"]
[BlackElo "1977"]
[Result "0-1"]
[PlyCount "44"]
[EventDate "2015.03.26"]

1. f4 c5 2. Nf3 Nc6 3. e3 g6 4. d4 cxd4 5. exd4 Bg7 6. c3 d6 7. Be3 Nf6 8. Nbd2
O-O 9. Bd3 Nd5 10. Qe2 Bh6 11. g3 e5 12. dxe5 Nxe3 13. Qxe3 dxe5 14. O-O-O exf4
15. gxf4 Re8 16. Ne4 Bf5 17. Nfg5 Qe7 18. Qc5 Bxg5 19. fxg5 Bxe4 20. Qxe7 Rxe7
21. Bc4 Bxh1 22. Rxh1 Rae8 0-1

[Event "Open dell'Ariete"]
[Site "Torino ITA"]
[Date "2015.03.26"]
[Round "1"]
[White "Teofilatto, Stefano"]
[Black "Masi, Adamo"]
[WhiteElo "1669"]
[BlackElo "1916"]
[Result "0-1"]
[PlyCount "78"]
[EventDate "2015.03.26"]

1. d4 Nf6 2. Nf3 d5 3. Bf4 e6 4. e3 Nbd7 5. Bd3 Be7 6. O-O O-O 7. Nbd2 b6 8.
Ne5 Bb7 9. Qf3 Re8 10. Qh3 Nf8 11. Ndf3 Ne4 12. Qh5 g6 13. Qh6 Bf6 14. Bxe4
dxe4 15. Nd2 Bg7 16. Qh3 f6 17. Ng4 h5 18. Nh6+ Kh7 19. Ng4 e5 20. Bg3 Kg8 21.
Rfd1 hxg4 22. Qxg4 exd4 23. Nb3 f5 24. Qf4 c5 25. exd4 c4 26. Nc1 Ne6 27. Qh4
g5 28. Qh5 f4 29. Bxf4 Nxf4 30. Qg4 Bc8 31. Qg3 Qe7 32. c3 e3 33. fxe3 Qxe3+
34. Kf1 Qxg3 35. hxg3 Nd5 36. Re1 Bg4 37. Kf2 Rxe1 38. Kxe1 Rf8 39. Ne2 Re8 0-1

[Event "Open dell'Ariete"]
[Site "Torino ITA"]
[Date "2015.03.26"]
[Round "1"]
[White "Vozza, Augusto"]
[Black "Bosetti, Roberto"]
[WhiteElo "1544"]
[BlackElo "1774"]
[Result "0-1"]
[PlyCount "56"]
[EventDate "2015.03.26"]

1. e4 c5 2. Nf3 d6 3. Bb5+ Bd7 4. Bxd7+ Qxd7 5. O-O Nc6 6. c3 Nf6 7. Re1 e5 8.
d3 g6 9. Nbd2 Bg7 10. h3 O-O 11. Nh2 b5 12. Qf3 a6 13. Ndf1 d5 14. Ne3 dxe4 15.
dxe4 Rad8 16. Neg4 Nxg4 17. Nxg4 f5 18. Nh6+ Kh8 19. Bg5 fxe4 20. Qe2 Rde8 21.
Rad1 Qe6 22. Qxe4 Ne7 23. Bxe7 Rxe7 24. a3 Bxh6 25. Rd5 c4 26. Red1 Qb6 27. Qh4
g5 28. Qxh6 Qxh6 0-1

[Event "Open dell'Ariete"]
[Site "Torino ITA"]
[Date "2015.04.02"]
[Round "2"]
[White "Bosetti, Roberto"]
[Black "Pitica, Silviu Valentin"]
[WhiteElo "1774"]
[BlackElo "1918"]
[Result "0-1"]
[PlyCount "54"]
[EventDate "2015.03.26"]

1. d4 Nf6 2. c4 c5 3. d5 b5 4. cxb5 a6 5. b6 d6 6. Nc3 g6 7. e4 Bg7 8. Be2 O-O
9. Nf3 Nbd7 10. O-O Nxb6 11. Nd2 Qc7 12. Nc4 Nxc4 13. Bxc4 Nd7 14. Qc2 Ne5 15.
Ne2 Bd7 16. a4 Rfb8 17. Ra2 Nxc4 18. Qxc4 Rb4 19. Qc2 Rab8 20. Nc3 Qb7 21. Re1
Rc4 22. Qe2 Rb4 23. Qc2 f5 24. g3 fxe4 25. Rxe4 Bf5 26. Rxb4 cxb4 27. Ne4 b3
0-1

[Event "Open dell'Ariete"]
[Site "Torino ITA"]
[Date "2015.04.02"]
[Round "2"]
[White "Cutelli, Massimo"]
[Black "Leoni, Alessandro"]
[WhiteElo "1580"]
[BlackElo "1908"]
[Result "1/2-1/2"]
[PlyCount "109"]
[EventDate "2015.03.26"]

1. e4 c5 2. Nc3 a6 3. f4 d5 4. Nxd5 b5 5. Nf3 Bb7 6. c4 e6 7. Nc3 b4 8. Na4
Bxe4 9. d3 Bb7 10. Be3 Qc7 11. Be2 Nf6 12. h3 Bd6 13. g3 Nbd7 14. Qd2 O-O 15.
O-O Nh5 16. Kh2 Qc6 17. Bd1 Rad8 18. Qf2 e5 19. Nxe5 Nxe5 20. fxe5 Nxg3 21. Rg1
Bxe5 22. Bf4 Bxf4 23. Qxf4 Rxd3 24. Bg4 Qxa4 25. b3 Qc6 26. Rxg3 Rxg3 27. Kxg3
Qg2+ 28. Kh4 h6 29. Qf5 Bc8 30. Qf3 Qxf3 31. Bxf3 Rd8 32. Bd5 Be6 33. Bf3 Rd2
34. Kg3 Rb2 35. h4 g6 36. Kf4 Rh2 37. a3 Rxh4+ 38. Ke5 Rh3 39. Bd5 Rxb3 40.
axb4 Rxb4 41. Rxa6 Rxc4 42. Bxc4 Bxc4 43. Rc6 h5 44. Rxc5 Be6 45. Kf6 Kh7 46.
Kg5 Kg7 47. Rc7 Kf8 48. Kf6 h4 49. Rb7 Kg8 50. Rb4 h3 51. Rh4 Bd7 52. Rh6 Be6
53. Rh4 Bd7 54. Rh6 Be6 55. Rh4 1/2-1/2

[Event "Open dell'Ariete"]
[Site "Torino ITA"]
[Date "2015.04.02"]
[Round "2"]
[White "D'India, Bruno"]
[Black "Longo, Enrico"]
[WhiteElo "1652"]
[BlackElo "1777"]
[Result "1-0"]
[PlyCount "43"]
[EventDate "2015.03.26"]

1. d4 d5 2. Nf3 c6 3. e3 Nf6 4. c4 e6 5. a3 a5 6. b3 Be7 7. Nc3 c5 8. Bb2 O-O
9. Bd3 b6 10. O-O Bb7 11. cxd5 cxd4 12. Nxd4 Nxd5 13. Nxd5 exd5 14. Qg4 Bf6 15.
Qh3 g6 16. f4 Ba6 17. Bxa6 Nxa6 18. Nc6 Qd6 19. Bxf6 Qxf6 20. Ne5 Rfd8 21. Rac1
Rac8 22. Rxc8 1-0

[Event "Open dell'Ariete"]
[Site "Torino ITA"]
[Date "2015.04.02"]
[Round "2"]
[White "Di Chiara, Mauro"]
[Black "Gussone, Claudio"]
[WhiteElo "1977"]
[BlackElo "1753"]
[Result "1-0"]
[PlyCount "79"]
[EventDate "2015.03.26"]

1. d4 d5 2. Nf3 Nf6 3. c4 e6 4. Nc3 Nbd7 5. cxd5 exd5 6. Bg5 Be7 7. e3 c6 8.
Bd3 O-O 9. Qc2 Re8 10. O-O h6 11. Bf4 Nh5 12. Nxd5 Nxf4 13. Nxf4 Bd6 14. Ne2
Nf6 15. Bf5 Qc7 16. Ng3 Ng4 17. Bxc8 Raxc8 18. Qf5 Nf6 19. Rac1 Re6 20. Qb1 g6
21. b4 Qd7 22. a4 a6 23. Rfd1 Rce8 24. Ne5 Qe7 25. Nd3 Bxg3 26. hxg3 Ng4 27.
Nf4 Rf6 28. Re1 Qd6 29. b5 axb5 30. axb5 g5 31. Nh3 h5 32. bxc6 bxc6 33. Nxg5
Nxf2 34. Qh7+ Kf8 35. Qxh5 Ke7 36. Ra1 Qxg3 37. Nf3 Rg8 38. Qc5+ Rd6 39. Ra7+
Kf6 40. Qe5+ 1-0

[Event "Open dell'Ariete"]
[Site "Torino ITA"]
[Date "2015.04.02"]
[Round "2"]
[White "Di Stefano, Marco T."]
[Black "Vozza, Augusto"]
[WhiteElo "1686"]
[BlackElo "1544"]
[Result "1-0"]
[PlyCount "47"]
[EventDate "2015.03.26"]

1. e4 c6 2. Nc3 d5 3. Nf3 Bg4 4. h3 Bxf3 5. Qxf3 Nf6 6. d3 e6 7. Bg5 Be7 8. Be2
Nfd7 9. Bf4 Bf6 10. O-O b5 11. Qg3 e5 12. Bd2 d4 13. Nd1 h6 14. f4 Qe7 15. Nf2
exf4 16. Bxf4 Be5 17. Ng4 g5 18. Bxe5 Nxe5 19. Nxe5 Rf8 20. Bh5 Qd6 21. Rf5 Nd7
22. Raf1 O-O-O 23. Qh2 Nf6 24. Rxf6 1-0

[Event "Open dell'Ariete"]
[Site "Torino ITA"]
[Date "2015.04.02"]
[Round "2"]
[White "Gatto, Salvatore"]
[Black "Ammirata, Achille"]
[WhiteElo "1700"]
[BlackElo "1440"]
[Result "0-1"]
[PlyCount "64"]
[EventDate "2015.03.26"]

1. d4 Nf6 2. c4 d5 3. Nc3 Bf5 4. e3 e6 5. cxd5 exd5 6. Bd3 Bxd3 7. Qxd3 c6 8.
Nf3 Nbd7 9. O-O Bd6 10. Re1 O-O 11. e4 Nxe4 12. Nxe4 dxe4 13. Rxe4 Nc5 14. Qc2
Nxe4 15. Qxe4 Qf6 16. Ng5 Qg6 17. Qf3 h6 18. Nh3 Rfe8 19. Be3 Re7 20. g3 Rae8
21. Rd1 Bc7 22. d5 cxd5 23. Rxd5 Qb1+ 24. Kg2 Qxb2 25. Bd4 Qe2 26. Qc3 Be5 27.
Bxe5 Rxe5 28. Rxe5 Qxe5 29. Qd2 Qe4+ 30. Kg1 Qe1+ 31. Qxe1 Rxe1+ 32. Kg2 Ra1
0-1

[Event "Open dell'Ariete"]
[Site "Torino ITA"]
[Date "2015.04.02"]
[Round "2"]
[White "Manunta, Andrea"]
[Black "Carra, Andrea"]
[WhiteElo "1885"]
[BlackElo "1416"]
[Result "1-0"]
[PlyCount "79"]
[EventDate "2015.03.26"]

1. d4 Nf6 2. c4 e6 3. Nf3 b6 4. a3 Bb7 5. Nc3 Be7 6. d5 exd5 7. cxd5 d6 8. e4
O-O 9. Bd3 Nbd7 10. Bc2 Ne5 11. O-O Rc8 12. Nd4 c6 13. f4 Ng6 14. dxc6 Bxc6 15.
Nxc6 Rxc6 16. Qf3 Qc7 17. Be3 Rd8 18. Ba4 Rxc3 19. bxc3 Qxc3 20. Rac1 Qa5 21.
Bb3 Qa6 22. Bf2 Nd7 23. Bd4 Nc5 24. Bxc5 dxc5 25. Bc4 Qa4 26. Bb3 Qd4+ 27. Kh1
Qd3 28. Rfd1 Qxf3 29. Rxd8+ Bxd8 30. gxf3 Nxf4 31. Rd1 Be7 32. Rd7 Kf8 33. Rxa7
g6 34. Rb7 Ne2 35. Rxb6 Nd4 36. a4 Bd8 37. Rb7 Nxb3 38. Rxb3 Ba5 39. Rb5 Bb4
40. a5 1-0

[Event "Open dell'Ariete"]
[Site "Torino ITA"]
[Date "2015.04.02"]
[Round "2"]
[White "Masi, Adamo"]
[Black "Chianale, Angelo"]
[WhiteElo "1916"]
[BlackElo "1738"]
[Result "1-0"]
[PlyCount "91"]
[EventDate "2015.03.26"]

1. c4 f5 2. d4 Nf6 3. Nc3 g6 4. g3 Bg7 5. Bg2 O-O 6. Nf3 d6 7. O-O Nc6 8. d5
Na5 9. Qd3 e5 10. dxe6 Bxe6 11. b3 Nc6 12. Bb2 Ne4 13. Rfc1 Qd7 14. Ne1 Ne5 15.
Qc2 Qf7 16. e3 Nxc3 17. Bxc3 Rab8 18. Nd3 Ng4 19. Nf4 c6 20. Rd1 Rbd8 21. Rd2
g5 22. Ne2 Qh5 23. h3 Ne5 24. Nd4 Rde8 25. Qd1 g4 26. h4 Nf3+ 27. Bxf3 gxf3 28.
Nxe6 Bxc3 29. Nxf8 Bxa1 30. Qxa1 Kxf8 31. Rxd6 Qg4 32. Qh8+ Qg8 33. Rf6+ Ke7
34. Qxg8 Rxg8 35. Rxf5 Rd8 36. Rxf3 Rd2 37. g4 Rxa2 38. g5 Ra5 39. Kg2 Re5 40.
Rf4 b5 41. cxb5 cxb5 42. Kf3 a5 43. Rd4 b4 44. Rc4 Kd6 45. Rc8 Rf5+ 46. Ke2 1-0

[Event "Open dell'Ariete"]
[Site "Torino ITA"]
[Date "2015.04.02"]
[Round "2"]
[White "Peruffo, Giovanni"]
[Black "Plenzick, Angelo"]
[WhiteElo "1520"]
[BlackElo "1725"]
[Result "0-1"]
[PlyCount "158"]
[EventDate "2015.03.26"]

1. d4 c6 2. e4 d5 3. Nc3 dxe4 4. Nxe4 Nf6 5. Nxf6+ exf6 6. g3 Bd6 7. Bg2 O-O 8.
c4 Re8+ 9. Be3 Bb4+ 10. Ke2 Bf5 11. a3 Ba5 12. b4 Bc7 13. Nf3 Nd7 14. Re1 Be6
15. Nd2 Bg4+ 16. Nf3 Nb6 17. Qc2 Qxd4 18. Rac1 Qd7 19. Kf1 Rad8 20. Kg1 Bf5 21.
Qb3 Qc8 22. Nd4 Bh3 23. Bf3 Bg4 24. Bg2 Be5 25. Nf3 Bc7 26. a4 a6 27. Nd4 Bh5
28. Ne2 Bg6 29. Nf4 Bf5 30. a5 Nd7 31. Rcd1 Ne5 32. c5 Ng6 33. Ne2 Be6 34. Qc3
Rxd1 35. Rxd1 Rd8 36. Bd4 Be5 37. Rd2 Ne7 38. Qb2 Bxd4 39. Rxd4 Rxd4 40. Nxd4
Bd5 41. Bf1 Ng6 42. Qe2 Kf8 43. Qd3 Be6 44. Nxe6+ fxe6 45. Qd6+ Kf7 46. f4 Ne7
47. Bc4 g6 48. Kf2 Nd5 49. Bxd5 exd5 50. Kg2 Qe6 51. Qc7+ Qe7 52. Qc8 h5 53.
Qh8 Qf8 54. Qxf8+ Kxf8 55. Kf3 Ke7 56. Ke3 Ke6 57. h3 Kf5 58. Kd3 g5 59. fxg5
fxg5 60. Ke3 Ke5 61. Kf3 d4 62. Ke2 Ke4 63. Kd2 d3 64. g4 hxg4 65. hxg4 Kd4 66.
Kd1 Kc3 67. b5 Kc4 68. bxa6 bxa6 69. Kd2 Kxc5 70. Kxd3 Kb5 71. Kc3 Kxa5 72. Kc4
Kb6 73. Kb4 c5+ 74. Kc4 Kc6 75. Kb3 Kb5 76. Ka3 Kc4 77. Kb2 Kd3 78. Kc1 c4 79.
Kb1 Kd2 0-1

[Event "Open dell'Ariete"]
[Site "Torino ITA"]
[Date "2015.04.02"]
[Round "2"]
[White "Ricciardi, Arcangelo"]
[Black "Teofilatto, Stefano"]
[WhiteElo "1745"]
[BlackElo "1669"]
[Result "1-0"]
[PlyCount "61"]
[EventDate "2015.03.26"]

1. e4 d6 2. d4 g6 3. Nf3 Bg7 4. Bc4 e6 5. Bg5 Ne7 6. c3 h6 7. Be3 d5 8. Bd3
dxe4 9. Bxe4 Nd5 10. O-O O-O 11. Bd2 Nd7 12. Qc1 Kh7 13. Na3 f5 14. Bd3 b6 15.
Nc4 Ba6 16. Re1 Re8 17. Nce5 Bxd3 18. Nxd3 c5 19. dxc5 Nxc5 20. Nxc5 bxc5 21.
Ne5 Bxe5 22. Rxe5 Qf6 23. Qe1 c4 24. Qe2 Rac8 25. Re1 Rc6 26. Rxd5 Rb8 27. Rd7+
Kg8 28. Bxh6 Qh4 29. Qe5 Qxh6 30. Qxb8+ Qf8 31. Rd8 1-0

[Event "Open dell'Ariete"]
[Site "Torino ITA"]
[Date "2015.04.09"]
[Round "3"]
[White "Ammirata, Achille"]
[Black "Di Chiara, Mauro"]
[WhiteElo "1440"]
[BlackElo "1977"]
[Result "0-1"]
[PlyCount "116"]
[EventDate "2015.03.26"]

1. Nf3 g6 2. e4 Bg7 3. Bc4 d6 4. d4 Nf6 5. Qe2 Nc6 6. O-O O-O 7. Bg5 h6 8. Bd2
Bg4 9. c3 e5 10. d5 Ne7 11. Bd3 c6 12. c4 cxd5 13. cxd5 Nfxd5 14. exd5 e4 15.
Bxe4 Bxb2 16. Bxh6 Bxa1 17. Bxf8 Qxf8 18. Nbd2 Bf6 19. Qb5 b6 20. h3 Bxf3 21.
Bxf3 Rc8 22. Rd1 Nf5 23. Qa4 Rc7 24. Nb3 Be5 25. Be4 Ne7 26. Nd4 Bxd4 27. Qxd4
Qg7 28. Qd2 Qe5 29. Re1 Qc3 30. Qd1 b5 31. h4 Rc4 32. Bf3 Nf5 33. h5 Nd4 34.
Re3 Qb2 35. Qd3 Nxf3+ 36. gxf3 Rh4 37. Re8+ Kg7 38. Kg2 Qa1 39. Kg3 Rxh5 40.
Qxb5 Rg5+ 41. Kf4 Qd4+ 42. Re4 Qd2+ 43. Re3 Rxd5 44. Qb3 Rf5+ 45. Kg3 Rg5+ 46.
Kf4 Qd4+ 47. Re4 Qf6+ 48. Ke3 Rc5 49. Ke2 Rc3 50. Qb1 Qxf3+ 51. Kd2 d5 52. Re3
Rxe3 53. fxe3 Qf2+ 54. Kd1 Qf1+ 55. Kc2 Qxb1+ 56. Kxb1 g5 57. Kc2 f5 58. Kd3
Kf6 0-1